|
|
|
|
| LEADER |
00000nam0a2200000 4500 |
| 001 |
325677 |
| 005 |
20231102003803.0 |
| 035 |
|
|
|a (RuTPU)RU\TPU\book\351292
|
| 035 |
|
|
|a RU\TPU\book\351330
|
| 090 |
|
|
|a 325677
|
| 100 |
|
|
|a 20161210d1936 m y0rusy50 ca
|
| 101 |
0 |
|
|a rus
|
| 102 |
|
|
|a RU
|
| 105 |
|
|
|a y z 000zy
|
| 200 |
1 |
|
|a Пламя Парижа
|f Ленинградский государственный академический театр оперы и балета им. С. М. Кирова ; музыка Б. В. Асафьева
|
| 210 |
|
|
|a Ленинград
|c Издание Лен. Гос. Акад. Театра Оперы и Балета им. С. М. Кирова
|d 1936
|
| 215 |
|
|
|a 23 с.
|
| 606 |
1 |
|
|a Спектакли балетные
|2 stltpush
|3 (RuTPU)RU\TPU\subj\55751
|9 73726
|
| 610 |
1 |
|
|a музыкальный театр
|
| 610 |
1 |
|
|a танец
|
| 610 |
1 |
|
|a балет
|
| 610 |
1 |
|
|a балетное творчество
|
| 610 |
1 |
|
|a Французская революция 1789-1799
|
| 610 |
1 |
|
|a русская музыка
|
| 675 |
|
|
|a 792.8
|v 4
|
| 702 |
|
1 |
|a Асафьев
|b Б. В.
|4 230
|
| 712 |
0 |
2 |
|a Ленинградский государственный академический театр оперы и балета им. С. М. Кирова
|2 stltpush
|3 (RuTPU)RU\TPU\col\27017
|
| 801 |
|
1 |
|a RU
|b 63413507
|c 20161209
|
| 801 |
|
2 |
|a RU
|b 63413507
|c 20200220
|g RCR
|
| 942 |
|
|
|c BK
|